000 00598nam a2200205 a 4500
001 000043614
005 20201002044859.0
008 140331s1970 sp 000 0 spa d
040 _aDO-SdBNP
_bspa
_cBNPHU
082 _a832.6
_bG599f
100 1 _aGoethe, Johann Wolfgang Von,
_d1749-1832
_912995
245 1 0 _aFausto /
_cGoethe; prólogo M. F. Poza.
260 _aMadrid :
_bLibra,
_c1970.
300 _a237 p. ;
_c17 cm.
490 1 _aPurpura
_v8
650 4 _aTeatro alemán
_912996
650 4 _aLiteratura alemana
_93274
700 1 2 _aPoza, M. F.
_eprol.
_913440
830 0 _aPurpura
_n8
_971426
999 _c43103
_d43103